El lugar de las víctimas en Colombia : (Registro nro. 33210)

Detalles MARC
000 -CABECERA
Longitud fija campo de control 01283nam a2200265 a 4500
003 - • IDENTIFICADOR DELl NÚMERO DE CONTROL
Identificador del número de control CO-ViMGA
008 - • CÓDIGOS DE INFORMACIÓN DE LONGITUD FIJA
Códigos de información de longitud fija 141112s2004 ck r 000 u spa d
020 ## - • NÚMERO INTERNACIONAL NORMALIZADO PARA LIBROS
Número Internacional Normalizado para Libros (ISBN) 9789583509391
040 ## - FUENTE DE LA CATALOGACIÓN
Centro catalogador de origen CO-ViMGA
Lengua de catalogación spa
Centro transcriptor CO-ViMGA
082 04 - • NÚMERO DE LA CLASIFICACIÓN DECIMAL DEWEY
Número de clasificación (R) 345.86105 G18l
100 1# - • PUNTO DE ACCESO PRINCIPAL-NOMBRE DE PERSONA
Nombre de persona García Arboleda, Juan Felipe
245 10 - • TITULO PROPIAMENTE DICHO
Título El lugar de las víctimas en Colombia :
Resto del título análisis sobre las instituciones de verdad, justicia y reparación desde una perspectiva de víctimas /
Mención de responsabilidad, etc. Juan felipe García Arboleda ; asistente de investigación, Lina Paola Chaparro Martínez
250 ## - • MENCIÓN DE EDICIÓN
Mención de edición 1a. ed.
300 ## - • DESCRIPCIÓN FÍSICA
Extensión xxiv, 222 p. : il. ; 24 cm
490 ## - • MENCIÓN DE SERIE
Mención de serie Colección Investigaciónes ; no. 7
500 ## - • NOTA GENERAL
Nota general "Investigación realizada en el marco del proyecto, apoyo a políticas públicas para construcción de la paz, del centro Internacional de Toledo para la paz (CITpax) con financiación de la AECID" - - Port
650 14 - • PUNTO DE ACCESO ADICIONAL DE MATERIA - TÉRMINO DE MATERIA
Término de materia o nombre geográfico como elemento inicial Reparación (Justicia penal) - Colombia
700 1# - • PUNTO DE ACCESO ADICIONAL - NOMBRE DE PERSONA
Nombre de persona Chaparro Martínez, Lina Paola
917 ## -
-- 2013 - 6883 2 ejemplares
942 ## - ENTRADA DE ELEMENTOS AGREGADOS (KOHA)
Fuente de clasificaión o esquema Dewey Decimal Classification
Koha [por defecto] tipo de item LIbro
990 ## - EQUIVALENCIA O SECCIÓN-REFERENCIA [LOCAL, CANADA]
Enlace de información para campos 9XX 2013 - 6883 Editorial Temis 2 ejemplares 21 13/08/2013 a848895 01/08/2013 31/07/2013
Existencias
Perdido Fuente de clasificación o esquema Estado Físico No para préstamo Forma de adquisición Localización permanente Localización actual Fecha adquisición Serie de enumeración / cronolog&íacute;a Préstamos totales Signatura completa Código de barras Fecha última consulta Número de copia Fecha del precio de reemplazo Tipo de item de Koha
  Dewey Decimal Classification     Sala Especializada Tercer Piso Biblioteca Pública Germán Arciniegas - Villavicencio Biblioteca Pública Germán Arciniegas - Villavicencio 12/04/2015 23/oct/2014   345.86105 G18l 27252 12/04/2015 Ej. 1 12/04/2015 LIbro









Instituto Departamental de Cultura del Meta - Red Departamental de Bibliotecas Públicas del Meta.